000 00705nam a2200265Ia 4500
001 18202
005 20240113235835.0
007 ta
008 060116s1997 a g b000 u 465 u
020 _cHB
040 _aCotton College Assam
041 _a465
082 _a572.9
_bHa 17 Ar
100 _aHamilton, A. .
245 0 _aIn Abor Jungles of North East India /
_cA. Hamilton.
_hTextual Documents
250 _a1st ed. /
260 _aNew Delhi :
_bMittal Publications ,
_c1997.
300 _a852p. :
_bill ;
_c22cm .
653 _aAbor Tribes-North East India
653 _aG-Anthropology
942 _2ddc
_cBK
999 _c18184
_d18184